| 000 | 00615nam a2200241Ia 4500 | ||
|---|---|---|---|
| 003 | OSt | ||
| 005 | 20220918174737.0 | ||
| 006 | a|||||r|||| 00| 0 | ||
| 007 | ta | ||
| 008 | 220917b |||||||| |||| 00| 0 eng d | ||
| 024 | _a13,877 | ||
| 037 | _cTextual | ||
| 040 |
_aARTS _cARTS _beng |
||
| 041 |
_2eng _aeng |
||
| 082 | _aN.2.9G, M0 | ||
| 100 |
_aSoundararajan K V _951595 |
||
| 245 | 0 | _aArt of South deccan | |
| 260 |
_aDelhi _bSundeep Prakashan _c1980 |
||
| 300 |
_aviii, 187p. _ccm. |
||
| 650 | _aARTS | ||
| 942 |
_hN.2.9G, M0 _cTEXL _2CC |
||
| 999 |
_c154481 _d154481 |
||